| 000 | 00439nam a2200157Ia 4500 | ||
|---|---|---|---|
| 005 | 20250508151031.0 | ||
| 008 | 008 250505s9999 xx 000 0 eng d | ||
| 037 | _aBooks to be hide in OPAC | ||
| 040 |
_aFEDL _beng _cFEDL |
||
| 041 |
_aeng _2eng |
||
| 084 |
_a370.954, IND/O _qFEDL |
||
| 245 | 0 | _aEducation in India: A graphic presentation | |
| 300 | _a55p. | ||
| 942 |
_cHB _h370.954, IND/O |
||
| 999 |
_c1327180 _d1327180 |
||